Quick Pick: Tennis Terms Quiz Stats

Quiz not verified by Sporcle

Challenge
Share
Tweet
Score 0/10 Timer 01:30
0 Plays Today
% Correct
Love
85%
Tiebreak
84.5%
Deuce
83.5%
Ace
82.8%
Hawk-Eye
82.5%
Sledgehammer
81.3%
Advantage
80.5%
Challenge
78.4%
Fault
76.7%
Let
74.4%

You're not logged in!

Compare scores with friends on all Sporcle quizzes.
Sign Up with Email
OR
Log In

You Might Also Like...

Show Comments

Extras

Top Quizzes Today


Score Distribution

Your Account Isn't Verified!

In order to create a playlist on Sporcle, you need to verify the email address you used during registration. Go to your Sporcle Settings to finish the process.